Every Disney Roller Coaster - Statistics

General Stats
  • This quiz has been taken 38 times
    16 since last reset
  • The average score is 20 of 33
Answer Stats
Park Year Opened Answer % Correct
Epcot 2022 Guardians of the Galaxy: Cosmic Rewind
92%
Hong Kong Disneyland 2005 Hyperspace Mountain
92%
Disneyland 1977 Space Mountain
92%
Magic Kingdom 1975 Space Mountain
92%
Disneyland Paris 1995 Star Wars Hyperspace Mountain: Rebel Mission
92%
Shanghai Disneyland 2016 TRON Lightcycle Power Run
92%
Magic Kingdom 2023 TRON Lightcycle Run
92%
Tokyo Disneyland 1987 Big Thunder Mountain
83%
Disneyland Paris 1992 Big Thunder Mountain
83%
Disneyland 1979 Big Thunder Mountain Railroad
83%
Magic Kingdom 1980 Big Thunder Mountain Railroad
83%
Walt Disney Studios Park 2002 Avengers Assemble: Flight Force
75%
Animal Kingdom 2006 Expedition Everest
75%
Walt Disney Studios Park 2010 RC Racer
75%
Hong Kong Disneyland 2011 RC Racer
75%
Magic Kingdom 2014 Seven Dwarfs Mine Train
67%
Shanghai Disneyland 2016 Seven Dwarfs Mine Train
67%
Hollywood Studios 2018 Slinky Dog Dash
67%
Disney California Adventure 2001 Incredicoaster
58%
Disneyland 1959 Matterhorn Bobsleds
58%
Hollywood Studios 1999 Rock 'n' Roller Coaster
58%
Magic Kingdom 1996 Barnstormer
50%
Disneyland Paris 1993 Indiana Jones et le Temple du Péril
50%
Disneyland 1993 Chip & Dale's Gadget Coaster
42%
Walt Disney Studios Park 2007 Crush's Coaster
42%
Tokyo Disneyland 1995 Gadget's Go Coaster
42%
Disney California Adventure 2001 Goofy's Sky School
42%
Tokyo DisneySea 2005 Raging Spirits
33%
Hong Kong Disneyland 2012 Big Grizzly Mountain Runaway Mine Cars
25%
Disneyland Paris 1994 Casey Jr., Le Petit Train du Cirque
25%
Tokyo DisneySea 2001 Flounder's Flying Fish Coaster
17%
Shanghai Disneyland 2018 Rex's Racer
17%
Hong Kong Disneyland 2023 Wandering Oaken's Sliding Sleighs
8%
No matching quizzes found
Score Distribution
Percent of People with Each Score
Percentile by Number Answered
Your Score History
You have not taken this quiz since the last reset